| Tag |
First Indicator |
Second Indicator |
Subfields |
| LEADER |
00000cam a2200000 4500 |
| 001 |
in00000640721 |
| 005 |
20151015053220.0 |
| 008 |
740627m19731996nyua b 001 0 eng |
| 010 |
|
|
|a 72083046
|
| 019 |
|
|
|a 10542509
|a 30410696
|
| 020 |
|
|
|a 0306377713 (v. 1)
|
| 035 |
|
|
|a (OCoLC)02656196
|
| 035 |
|
|
|9 ACU4499AM
|
| 040 |
|
|
|a DLC
|c DLC
|d TXA
|d UtOrBLW
|
| 049 |
|
|
|a TXAM
|
| 050 |
0 |
0 |
|a QE39
|b .N27
|
| 082 |
0 |
0 |
|a 551.4/608
|
| 100 |
1 |
|
|a Nairn, A. E. M.
|
| 245 |
1 |
4 |
|a The ocean basins and margins /
|c edited by Alan E. M. Nairn and Francis G. Stehli.
|
| 264 |
|
1 |
|a New York :
|b Plenum Press,
|c 1973-
|
| 264 |
|
4 |
|c ©1996
|
| 300 |
|
|
|a 8 volumes in 10 :
|b illustrations ;
|c 26 cm.
|
| 336 |
|
|
|a text
|b txt
|2 rdacontent
|
| 337 |
|
|
|a unmediated
|b n
|2 rdamedia
|
| 338 |
|
|
|a volume
|b nc
|2 rdacarrier
|
| 500 |
|
|
|a Editors vary.
|
| 504 |
|
|
|a Includes bibliographies.
|
| 505 |
0 |
|
|a v. 1. The South Atlantic.--v. 2. The North Atlantic.--v. 3. The Gulf of Mexico and the Caribbean.--v. 4A. The eastern Mediterranean.--v. 4B. The western Mediterranean.--v. 5. The Arctic Ocean.--v. 6. The Indian Ocean.--v. 7. The Pacific Ocean (2 v.).--v. 8. The Tethys Ocean.
|
| 650 |
|
0 |
|a Submarine geology.
|
| 650 |
|
0 |
|a Continental margins.
|
| 700 |
1 |
|
|a Stehli, Francis Greenough,
|e author.
|
| 999 |
|
|
|a MARS
|
| 999 |
f |
f |
|s b439eb92-7725-3446-9316-f9d701b00bbd
|i b81565ae-01b4-3d43-90c2-1036c1294dba
|t 0
|
| 952 |
f |
f |
|p ric
|a Texas A&M University
|b Rellis Campus
|c Joint Library Facility
|s JLF
|d Remote Storage
|t 0
|e QE39 .N27
|h Library of Congress classification
|i unmediated -- volume
|k v.7a
|m A14808542621
|
| 952 |
f |
f |
|p ric
|a Texas A&M University
|b Rellis Campus
|c Joint Library Facility
|s JLF
|d Remote Storage
|t 0
|e QE39 .N27
|h Library of Congress classification
|i unmediated -- volume
|k v.1
|m A14826936755
|
| 952 |
f |
f |
|p ric
|a Texas A&M University
|b Rellis Campus
|c Joint Library Facility
|s JLF
|d Remote Storage
|t 0
|e QE39 .N27
|h Library of Congress classification
|i unmediated -- volume
|k v.2
|m A14826936797
|
| 952 |
f |
f |
|p ric
|a Texas A&M University
|b Rellis Campus
|c Joint Library Facility
|s JLF
|d Remote Storage
|t 0
|e QE39 .N27
|h Library of Congress classification
|i unmediated -- volume
|k v.4b
|m A14804745895
|
| 952 |
f |
f |
|p ric
|a Texas A&M University
|b Rellis Campus
|c Joint Library Facility
|s JLF
|d Remote Storage
|t 0
|e QE39 .N27
|h Library of Congress classification
|i unmediated -- volume
|k v.6
|m A14806417171
|
| 952 |
f |
f |
|p ric
|a Texas A&M University
|b Rellis Campus
|c Joint Library Facility
|s JLF
|d Remote Storage
|t 0
|e QE39 .N27
|h Library of Congress classification
|i unmediated -- volume
|k v.4a
|m A14804745887
|
| 952 |
f |
f |
|p ric
|a Texas A&M University
|b Rellis Campus
|c Joint Library Facility
|s JLF
|d Remote Storage
|t 0
|e QE39 .N27
|h Library of Congress classification
|i unmediated -- volume
|k v.2
|m A14804745861
|
| 952 |
f |
f |
|p ric
|a Texas A&M University
|b Rellis Campus
|c Joint Library Facility
|s JLF
|d Remote Storage
|t 0
|e QE39 .N27
|h Library of Congress classification
|i unmediated -- volume
|k v.3
|m A14824955907
|
| 952 |
f |
f |
|p ric
|a Texas A&M University
|b Rellis Campus
|c Joint Library Facility
|s JLF
|d Remote Storage
|t 0
|e QE39 .N27
|h Library of Congress classification
|i unmediated -- volume
|k v.8
|m A14822481562
|
| 952 |
f |
f |
|p ric
|a Texas A&M University
|b Rellis Campus
|c Joint Library Facility
|s JLF
|d Remote Storage
|t 0
|e QE39 .N27
|h Library of Congress classification
|i unmediated -- volume
|k v.5
|m A14804745900
|
| 952 |
f |
f |
|p ric
|a Texas A&M University
|b Rellis Campus
|c Joint Library Facility
|s JLF
|d Remote Storage
|t 0
|e QE39 .N27
|h Library of Congress classification
|i unmediated -- volume
|k v.3
|m A14826936836
|
| 952 |
f |
f |
|p ric
|a Texas A&M University
|b Rellis Campus
|c Joint Library Facility
|s JLF
|d Remote Storage
|t 0
|e QE39 .N27
|h Library of Congress classification
|i unmediated -- volume
|k v.7b
|m A14811677396
|
| 998 |
f |
f |
|a QE39 .N27
|s v.2-v.3
|t 0
|l Remote Storage
|
| 998 |
f |
f |
|a QE39 .N27
|s v.1-v.8
|t 0
|l Remote Storage
|